[Event "Vecindario Montalvo Memorial 17th"]
[Site "Vecindario"]
[Date "2025.04.17"]
[Round "6"]
[White "Paquico Rodriguez, Ivan"]
[Black "Bolivar Castro, Alejandro"]
[Result "0-1"]
[WhiteElo "2202"]
[BlackElo "2006"]
[PlyCount "102"]
[EventDate "2025.04.12"]
[EventType "swiss"]
[EventRounds "9"]
[EventCountry "ESP"]
[SourceTitle "CB17_2025"]
[SourceDate "2025.04.23"]
[SourceVersion "1"]
[SourceVersionDate "2025.04.23"]
[SourceQuality "1"]

1. Nf3 Nf6 2. b3 d6 3. d4 a5 4. a4 g6 5. Bb2 Bg7 6. e3 Bf5 7. Be2 0-0 8. 0-0 c6 9. Nbd2 Na6 10. Nh4 d5 11. Nxf5 gxf5 12. Bd3 e6 13. c3 Kh8 14. f3 Bh6 15. Qe2 Nh5 16. f4 Nf6 17. Ba3 Rg8 18. Nf3 Bf8 19. Ne5 Rg7 20. Bc1 Nc7 21. Bd2 Nce8 22. Be1 Nd6 23. Bh4 Be7 24. Bg5 Ng8 25. Nf3 h6 26. Bxe7 Qxe7 27. Ne5 Nf6 28. Ra2 Nfe4 29. Qe1 Rag8 30. c4 f6 31. Nf3 b6 32. Rc2 c5 33. cxd5 exd5 34. Qh4 c4 35. bxc4 dxc4 36. Bxe4 Nxe4 37. Qh5 Nd6 38. Re1 Kh7 39. Qh3 Qe4 40. Ree2 Qc6 41. Ra2 b5 42. axb5 Qxb5 43. Reb2 Qe8 44. Ne1 c3 45. Rc2 Qb5 46. Qf3 Ne4 47. Qf1 Qb3 48. Qe2 a4 49. Qh5 Qb1 50. Qh4 Rg4 51. Qf2 Rxg2+ 0-1

[Event "Vecindario Montalvo Memorial 17th"]
[Site "Vecindario"]
[Date "2025.04.16"]
[Round "5"]
[White "Fiorito, Joaquin"]
[Black "Paquico Rodriguez, Ivan"]
[Result "1-0"]
[WhiteElo "2402"]
[BlackElo "2202"]
[PlyCount "87"]
[EventDate "2025.04.12"]
[EventType "swiss"]
[EventRounds "9"]
[EventCountry "ESP"]
[SourceTitle "CB17_2025"]
[SourceDate "2025.04.23"]
[SourceVersion "1"]
[SourceVersionDate "2025.04.23"]
[SourceQuality "1"]

1. d4 g6 2. c4 Bg7 3. Nf3 d6 4. Nc3 e5 5. dxe5 dxe5 6. Qxd8+ Kxd8 7. g3 h6 8. Bg2 Nc6 9. 0-0 Bf5 10. Rd1+ Kc8 11. Nh4 Bd7 12. Ne4 Nf6 13. Nc5 a5 14. b3 Re8 15. Bb2 Bg4 16. h3 Bd7 17. f4 Bf8 18. Nd3 Nh5 19. Nxe5 Nxe5 20. fxe5 g5 21. Rxd7 Kxd7 22. Nf5 c6 23. Bf3 Ng7 24. Nxg7 Bxg7 25. e6+ Kxe6 26. Bxg7 f6 27. Rf1 f5 28. Bxh6 Rg8 29. g4 f4 30. h4 gxh4 31. Bxf4 a4 32. b4 Raf8 33. Be3 h3 34. Kh2 Ke5 35. Kxh3 a3 36. Kg3 Rd8 37. g5 Rdf8 38. Rb1 Kf5 39. Rb3 Ra8 40. b5 Ra4 41. bxc6 bxc6 42. Bxc6 Rxc4 43. Rb5+ Kg6 44. Bd5 1-0

[Event "Titled Tuesday intern op 14th Jan Early"]
[Site "Chess.com INT"]
[Date "2025.01.14"]
[Round "3"]
[White "Paquico Rodriguez, Ivan"]
[Black "Grabinsky, Vladimir"]
[Result "1-0"]
[WhiteElo "2197"]
[BlackElo "2192"]
[PlyCount "67"]
[EventDate "2025.01.14"]
[EventType "swiss (blitz)"]
[EventRounds "11"]
[EventCountry "USA"]
[SourceTitle "CB04_2025"]
[SourceDate "2025.01.22"]
[SourceVersion "1"]
[SourceVersionDate "2025.01.22"]
[SourceQuality "1"]

1. d4 d5 2. c4 e6 3. Nc3 Nf6 4. cxd5 exd5 5. Bg5 Be7 6. Qc2 c6 7. e3 Nbd7 8. Bd3 Nf8 9. Nge2 Ne6 10. Bh4 g6 11. 0-0 0-0 12. Rae1 b6 13. f4 Ng4 14. Bxe7 Qxe7 15. Nd1 c5 16. f5 Ng5 17. fxg6 hxg6 18. Bxg6 fxg6 19. Qxg6+ Qg7 20. Rxf8+ Kxf8 21. Rf1+ Kg8 22. Qe8+ Kh7 23. h4 Nh3+ 24. Kh1 Bb7 25. Qh5+ Nh6 26. gxh3 Rg8 27. Rg1 Qd7 28. Rxg8 Kxg8 29. Qxh6 Qxh3+ 30. Kg1 Qg4+ 31. Kf1 cxd4 32. exd4 Ba6 33. Qg5+ Qxg5 34. hxg5 1-0

[Event "Titled Tuesday intern op 14th Jan Early"]
[Site "Chess.com INT"]
[Date "2025.01.14"]
[Round "1"]
[White "Paquico Rodriguez, Ivan"]
[Black "Khodko, Yurii N"]
[Result "0-1"]
[WhiteElo "2197"]
[BlackElo "2354"]
[PlyCount "90"]
[EventDate "2025.01.14"]
[EventType "swiss (blitz)"]
[EventRounds "11"]
[EventCountry "USA"]
[SourceTitle "CB04_2025"]
[SourceDate "2025.01.22"]
[SourceVersion "1"]
[SourceVersionDate "2025.01.22"]
[SourceQuality "1"]

1. d4 Nf6 2. c4 c5 3. d5 b5 4. cxb5 a6 5. f3 axb5 6. e4 d6 7. Bxb5+ Bd7 8. Nc3 g6 9. Nge2 Bg7 10. 0-0 0-0 11. a4 Na6 12. Bxd7 Nxd7 13. Nb5 Nc7 14. Nec3 Nb6 15. Nxc7 Qxc7 16. Nb5 Qd7 17. Ra2 Nxa4 18. Rxa4 Qxb5 19. Rxa8 Rxa8 20. Qc2 Ra1 21. h3 Bd4+ 22. Rf2 Rxc1+ 23. Qxc1 Qe2 24. Qf1 Qxb2 25. g4 g5 26. Kg2 Qxf2+ 27. Qxf2 Bxf2 28. Kxf2 f6 29. Ke2 Kf8 30. Kd3 Ke8 31. Kc4 Kd7 32. Kb5 Kc7 33. Kc4 Kb6 34. Kd3 Kb5 35. Kc3 Ka4 36. Kc4 Ka3 37. Kb5 Kb3 38. Kc6 c4 39. Kd7 c3 40. Kxe7 c2 41. Kxd6 c1Q 42. Ke6 Qf4 43. d6 Qe5+ 44. Kd7 Kb4 45. Kc7 Kc5 0-1

[Event "Titled Tuesday intern op 07th Jan Early"]
[Site "Chess.com INT"]
[Date "2025.01.07"]
[Round "5"]
[White "De Lomas Busquets, Alba"]
[Black "Paquico Rodriguez, Ivan"]
[Result "0-1"]
[WhiteElo "2010"]
[BlackElo "2197"]
[PlyCount "54"]
[EventDate "2025.01.07"]
[EventType "swiss (blitz)"]
[EventRounds "11"]
[EventCountry "USA"]
[SourceTitle "CB03_2025"]
[SourceDate "2025.01.15"]
[SourceVersion "1"]
[SourceVersionDate "2025.01.15"]
[SourceQuality "1"]

1. d4 d6 2. Nf3 g6 3. Nc3 Bg7 4. e4 a6 5. Be3 b5 6. Qd2 Nd7 7. h4 h6 8. Bd3 Bb7 9. Nh2 Ngf6 10. f3 c5 11. dxc5 Nxc5 12. Be2 Rc8 13. a3 Qc7 14. Rd1 Ne6 15. 0-0 Nh5 16. Nd5 Qxc2 17. Qe1 Qxb2 18. Rb1 Qxa3 19. Bc1 Bd4+ 20. Kh1 Rxc1 21. Rxc1 Qxc1 22. Ng4 Qxe1 23. Rxe1 Bxd5 24. exd5 Nef4 25. Bd1 f5 26. Ne3 Ng3+ 27. Kh2 Bxe3 0-1

[Event "Titled Tuesday intern op 07th Jan Early"]
[Site "Chess.com INT"]
[Date "2025.01.07"]
[Round "7"]
[White "Herrera, Juan Sebastian"]
[Black "Paquico Rodriguez, Ivan"]
[Result "1-0"]
[WhiteElo "2214"]
[BlackElo "2197"]
[PlyCount "83"]
[EventDate "2025.01.07"]
[EventType "swiss (blitz)"]
[EventRounds "11"]
[EventCountry "USA"]
[SourceTitle "CB03_2025"]
[SourceDate "2025.01.15"]
[SourceVersion "1"]
[SourceVersionDate "2025.01.15"]
[SourceQuality "1"]

1. Nf3 d6 2. c4 g6 3. d4 Bg7 4. Nc3 e5 5. dxe5 dxe5 6. Qxd8+ Kxd8 7. Bg5+ f6 8. 0-0-0+ Bd7 9. Be3 Nh6 10. h3 Nf7 11. g4 c6 12. Bg2 Kc7 13. c5 Na6 14. Nd2 Be6 15. Nde4 Rad8 16. Rxd8 Rxd8 17. Rd1 Rxd1+ 18. Kxd1 f5 19. gxf5 gxf5 20. Nd6 Nxd6 21. cxd6+ Kxd6 22. Bxa7 e4 23. Be3 Bxc3 24. bxc3 Bxa2 25. Kc2 Bc4 26. Bf4+ Ke6 27. f3 Bxe2 28. fxe4 Nc5 29. Kd2 Bc4 30. exf5+ Kxf5 31. Be3 Nd7 32. Bd4 Bd5 33. Bf1 Nf8 34. Bd3+ Be4 35. Be2 Ng6 36. Ke3 Bb1 37. Bg4+ Kg5 38. Bc8 Kh4 39. Kf3 Bc2 40. Bf6+ Kh5 41. Bxb7 Bd1+ 42. Kg3 1-0

[Event "Titled Tuesday intern op 07th Jan Early"]
[Site "Chess.com INT"]
[Date "2025.01.07"]
[Round "10"]
[White "Paquico Rodriguez, Ivan"]
[Black "De Lima, Valdenicio Marcelin"]
[Result "1-0"]
[WhiteElo "2197"]
[BlackElo "1971"]
[PlyCount "67"]
[EventDate "2025.01.07"]
[EventType "swiss (blitz)"]
[EventRounds "11"]
[EventCountry "USA"]
[SourceTitle "CB03_2025"]
[SourceDate "2025.01.15"]
[SourceVersion "1"]
[SourceVersionDate "2025.01.15"]
[SourceQuality "1"]

1. d4 Nf6 2. c4 c5 3. d5 b5 4. cxb5 a6 5. f3 axb5 6. e4 b4 7. e5 Ng8 8. f4 d6 9. Nf3 Nh6 10. Bd3 e6 11. 0-0 g6 12. Ng5 Bg7 13. dxe6 fxe6 14. Bb5+ Kf8 15. f5 exf5 16. Qd5 Ra7 17. exd6 Bd4+ 18. Kh1 Bb7 19. Ne6+ Kg8 20. Qxb7 Rxb7 21. Nxd8 Rxb5 22. Bxh6 Nd7 23. Nd2 Bxb2 24. Rfe1 Bg7 25. Re8+ Nf8 26. Bxg7 Kxg7 27. Re7+ Kh6 28. Nf7+ Kh5 29. Nxh8 Rb8 30. Rc1 Nd7 31. Rxd7 Rxh8 32. Rxc5 b3 33. axb3 Re8 34. g4+ 1-0

[Event "Titled Tuesday intern op 07th Jan Early"]
[Site "Chess.com INT"]
[Date "2025.01.07"]
[Round "1"]
[White "Paquico Rodriguez, Ivan"]
[Black "Kozganbay, Erkin"]
[Result "0-1"]
[WhiteElo "2197"]
[BlackElo "2260"]
[PlyCount "60"]
[EventDate "2025.01.07"]
[EventType "swiss (blitz)"]
[EventRounds "11"]
[EventCountry "USA"]
[SourceTitle "CB03_2025"]
[SourceDate "2025.01.15"]
[SourceVersion "1"]
[SourceVersionDate "2025.01.15"]
[SourceQuality "1"]

1. d4 e6 2. c4 b6 3. Nc3 Bb7 4. f3 Bb4 5. e3 Qh4+ 6. g3 Bxc3+ 7. bxc3 Qe7 8. Bg2 Nf6 9. Ne2 0-0 10. 0-0 d6 11. e4 e5 12. Bg5 Nbd7 13. Qd3 h6 14. Bxf6 Nxf6 15. Rae1 Rfe8 16. h3 Ba6 17. Kh2 Qe6 18. d5 Qd7 19. f4 Qa4 20. fxe5 Bxc4 21. Qf3 Rxe5 22. Rf2 Bxe2 23. Rexe2 Rae8 24. Rf1 R8e7 25. Rfe1 Qc4 26. g4 Nxd5 27. Rf2 Nf6 28. Rfe2 d5 29. Rd1 dxe4 30. Qf4 Qxe2 0-1

[Event "Titled Tuesday intern op 07th Jan Early"]
[Site "Chess.com INT"]
[Date "2025.01.07"]
[Round "4"]
[White "Paquico Rodriguez, Ivan"]
[Black "Tsyhanchuk, Stanislav"]
[Result "0-1"]
[WhiteElo "2197"]
[BlackElo "2273"]
[PlyCount "98"]
[EventDate "2025.01.07"]
[EventType "swiss (blitz)"]
[EventRounds "11"]
[EventCountry "USA"]
[SourceTitle "CB03_2025"]
[SourceDate "2025.01.15"]
[SourceVersion "1"]
[SourceVersionDate "2025.01.15"]
[SourceQuality "1"]

1. d4 Nf6 2. c4 g6 3. f3 Bg7 4. e4 d6 5. Nc3 0-0 6. Be3 e5 7. Nge2 Nc6 8. d5 Ne7 9. g4 Ne8 10. Qd2 f5 11. gxf5 gxf5 12. 0-0-0 f4 13. Bf2 a6 14. Kb1 Bd7 15. Nc1 Rb8 16. Nb3 b5 17. c5 b4 18. Ne2 Bb5 19. Bh3 Ra8 20. Na5 Nf6 21. Nc1 Rb8 22. Ncb3 Kh8 23. Rc1 Rg8 24. Be6 Rf8 25. Ka1 Qe8 26. c6 Qh5 27. Qd1 Ng6 28. h4 Ne7 29. Rh3 Nc8 30. Qd2 Nb6 31. Qxb4 Be2 32. Qc3 Na4 33. Qd2 Bxf3 34. Ba7 Ra8 35. Qf2 Bxe4 36. Nb7 Bxd5 37. Bxd5 Nxd5 38. Qd2 Nab6 39. Bxb6 Nxb6 40. N7a5 e4 41. Nd4 e3 42. Qd3 Qe5 43. Nab3 a5 44. h5 a4 45. h6 Bf6 46. Rg1 axb3 47. Kb1 Qxd4 48. Qxd4 Bxd4 49. a3 f3 0-1

[Event "Vecindario rapid op 2nd"]
[Site "Vecindario"]
[Date "2024.11.01"]
[Round "3"]
[White "Urgel Yvorra, Marc"]
[Black "Paquico Rodriguez, Ivan"]
[Result "0-1"]
[WhiteElo "1926"]
[BlackElo "2113"]
[PlyCount "70"]
[EventDate "2024.11.01"]
[EventType "swiss"]
[EventRounds "9"]
[EventCountry "ESP"]
[SourceTitle "CB45_2024"]
[Source "ChessBase"]
[SourceDate "2024.11.06"]
[SourceVersion "1"]
[SourceVersionDate "2024.11.06"]
[SourceQuality "1"]

1. e4 d6 2. d4 g6 3. Nc3 Bg7 4. Be3 a6 5. Qd2 b5 6. a3 Bb7 7. h4 h6 8. f3 Nd7 9. Nge2 c5 10. dxc5 dxc5 11. 0-0-0 Rc8 12. h5 g5 13. Ng3 e6 14. Bxb5 axb5 15. Nxb5 Be5 16. f4 Bc6 17. Nd6+ Bxd6 18. Qxd6 Qe7 19. Qd2 Ngf6 20. fxg5 Nxe4 21. Nxe4 Bxe4 22. gxh6 Bd5 23. Rhe1 Nb6 24. Qc3 f6 25. Bg5 0-0 26. Bh4 Qf7 27. g4 Nc4 28. Rf1 Qe7 29. Bxf6 Qh7 30. Bh4 Qxh6+ 31. Kb1 Rxf1 32. Rxf1 Nd2+ 33. Ka1 Nxf1 34. g5 Qxh5 35. Qh3 Qd1# 0-1

[Event "Titled Tuesday intern op 03rd Sep Early"]
[Site "Chess.com INT"]
[Date "2024.09.03"]
[Round "7"]
[White "Paquico Rodriguez, Ivan"]
[Black "Kazmin, Dmitrij"]
[Result "1-0"]
[WhiteElo "2183"]
[BlackElo "2305"]
[PlyCount "95"]
[EventDate "2024.09.03"]
[EventType "swiss (blitz)"]
[EventRounds "11"]
[EventCountry "USA"]
[SourceTitle "EXT 2025"]
[Source "ChessBase"]
[SourceDate "2024.10.14"]
[SourceVersion "1"]
[SourceVersionDate "2024.10.14"]
[SourceQuality "1"]

1. d4 Nf6 2. c4 d6 3. Nc3 g6 4. e4 Bg7 5. f3 0-0 6. Nge2 e5 7. d5 a5 8. Be3 Nfd7 9. g4 Na6 10. h4 f5 11. gxf5 gxf5 12. Qd2 Ndc5 13. 0-0-0 f4 14. Bf2 Nb4 15. Kb1 Nbd3 16. Bg1 a4 17. Nc1 Nb4 18. Bxc5 dxc5 19. a3 Na6 20. Nxa4 Bd7 21. Nc3 Kh8 22. Bh3 Rg8 23. h5 Bf6 24. d6 c6 25. Bxd7 Qxd7 26. Na4 Qe6 27. Qd3 Bd8 28. Nb3 b6 29. d7 Bc7 30. Qc3 Rad8 31. h6 Nb8 32. Nbxc5 bxc5 33. Nxc5 Qe7 34. b4 Nxd7 35. Nd3 Nf6 36. Nc5 Bd6 37. Nb3 Rg2 38. c5 Bc7 39. Nd2 Qe6 40. Nc4 Rxd1+ 41. Rxd1 Ne8 42. Rd2 Rg1+ 43. Kb2 Qxh6 44. a4 Qf6 45. a5 Rg7 46. a6 Re7 47. a7 Bd8 48. a8Q 1-0

[Event "Titled Tuesday intern op 27th Aug Early"]
[Site "Chess.com INT"]
[Date "2024.08.27"]
[Round "7"]
[White "Fofanov, Ilia"]
[Black "Paquico Rodriguez, Ivan"]
[Result "0-1"]
[WhiteElo "2182"]
[BlackElo "2183"]
[PlyCount "114"]
[EventDate "2024.08.27"]
[EventType "swiss (blitz)"]
[EventRounds "11"]
[EventCountry "USA"]
[SourceTitle "EXT 2025"]
[Source "ChessBase"]
[SourceDate "2024.10.14"]
[SourceVersion "1"]
[SourceVersionDate "2024.10.14"]
[SourceQuality "1"]

1. e4 d6 2. d4 g6 3. Nc3 Bg7 4. g3 Nc6 5. Be3 e5 6. d5 Nce7 7. Bg2 f5 8. Qd2 h6 9. exf5 Nxf5 10. Nf3 Nf6 11. 0-0-0 Bd7 12. Kb1 b5 13. Qd3 Nxe3 14. Qxe3 0-0 15. h3 b4 16. Ne2 Qb8 17. Nh4 Kh7 18. Qd3 e4 19. Bxe4 Nxe4 20. Qxe4 Bf5 21. Nxf5 Rxf5 22. Nf4 Qe8 23. Rde1 Re5 24. Qxb4 Rb8 25. Rxe5 Bxe5 26. Qe4 Rxb2+ 27. Kc1 Rxa2 28. Kd2 Qf7 29. Rb1 Ra5 30. c4 Ra2+ 31. Ke1 Bc3+ 32. Kf1 Be5 33. Rb8 Kg7 34. Re8 h5 35. Re6 Bf6 36. Nxh5+ gxh5 37. Qf5 Ra1+ 38. Kg2 Qg6 39. Qf3 Ra2 40. g4 hxg4 41. hxg4 Qf7 42. Qf5 Bd4 43. Qg5+ Kf8 44. Qd8+ Kg7 45. Qg5+ Kf8 46. Qd8+ Kg7 47. Re7 Rxf2+ 48. Kh3 Rf3+ 49. Kg2 Rf2+ 50. Kg3 Rf3+ 51. Kh4 Bf6+ 52. g5 Bxe7 53. Qh8+ Kxh8 54. Kg4 Kg7 55. g6 Rf4+ 56. Kg3 Qf5 57. Kg2 Qg5+ 0-1

[Event "Titled Tuesday intern op 20th Aug Early"]
[Site "Chess.com INT"]
[Date "2024.08.20"]
[Round "11"]
[White "Banerjee, Supratit"]
[Black "Paquico Rodriguez, Ivan"]
[Result "1-0"]
[WhiteElo "2156"]
[BlackElo "2183"]
[PlyCount "127"]
[EventDate "2024.08.20"]
[EventType "swiss (blitz)"]
[EventRounds "11"]
[EventCountry "USA"]
[SourceTitle "EXT 2025"]
[Source "ChessBase"]
[SourceDate "2024.10.14"]
[SourceVersion "1"]
[SourceVersionDate "2024.10.14"]
[SourceQuality "1"]

1. e4 d6 2. d4 g6 3. Nc3 Bg7 4. Nf3 a6 5. a4 b6 6. Bc4 e6 7. 0-0 Bb7 8. Re1 Nd7 9. d5 e5 10. b4 Ne7 11. Be3 0-0 12. Qd2 Nf6 13. Bh6 Bc8 14. Qg5 Ng4 15. Bxg7 Kxg7 16. h3 h6 17. Qd2 Nf6 18. Rad1 Nh7 19. Nh2 f5 20. f3 Ng8 21. Bb3 Bd7 22. Nb1 Qh4 23. Qf2 Qg5 24. Nd2 Nhf6 25. c4 fxe4 26. Nxe4 Nxe4 27. Rxe4 Bxh3 28. c5 Nf6 29. Rc4 bxc5 30. bxc5 Rab8 31. Ba2 dxc5 32. Rxc5 Rb7 33. Re1 Nd7 34. Rc6 Bf5 35. Kh1 Rfb8 36. g4 Rb2 37. Re2 Rxe2 38. Qxe2 Bb1 39. Rxc7 Qe7 40. Bc4 Re8 41. Bxa6 e4 42. Bb5 exf3 43. Qxe7+ Rxe7 44. Rxd7 Rxd7 45. Bxd7 Be4 46. Kg1 Bxd5 47. a5 Kf8 48. Kf2 Ke7 49. Bb5 h5 50. g5 Ke6 51. Nxf3 Kf5 52. Bd3+ Kf4 53. Be2 h4 54. Nxh4 Kxg5 55. Bf3 Bc4 56. Ng2 Kf6 57. Ne3 Ba6 58. Kg3 Ke7 59. Kf4 Kd6 60. Nd1 Kc5 61. Nc3 Kb4 62. Nd5+ Kxa5 63. Ne3 Kb6 64. Be4 1-0

[Event "Titled Tuesday intern op 20th Aug Early"]
[Site "Chess.com INT"]
[Date "2024.08.20"]
[Round "9"]
[White "Bestard Borras, Miguel"]
[Black "Paquico Rodriguez, Ivan"]
[Result "0-1"]
[WhiteElo "2113"]
[BlackElo "2183"]
[PlyCount "134"]
[EventDate "2024.08.20"]
[EventType "swiss (blitz)"]
[EventRounds "11"]
[EventCountry "USA"]
[SourceTitle "EXT 2025"]
[Source "ChessBase"]
[SourceDate "2024.10.14"]
[SourceVersion "1"]
[SourceVersionDate "2024.10.14"]
[SourceQuality "1"]

1. d4 d6 2. Bf4 g6 3. e3 Bg7 4. h3 Nd7 5. Nf3 e5 6. Bh2 Qe7 7. Be2 Ngf6 8. 0-0 0-0 9. c4 Ne4 10. Nc3 Nxc3 11. bxc3 f5 12. a4 Kh8 13. a5 a6 14. Qe1 g5 15. Nd2 f4 16. exf4 gxf4 17. Bg4 Nf6 18. Bxc8 Raxc8 19. Bxf4 Nh5 20. Bh2 Rg8 21. f4 Bh6 22. dxe5 Qg7 23. g4 dxe5 24. Qxe5 Qxe5 25. fxe5 Bxd2 26. Rf7 Ng7 27. Rd1 Be3+ 28. Kh1 Rgf8 29. Rdd7 Rxf7 30. Rxf7 Ne6 31. Re7 Ng5 32. e6 Nxh3 33. Be5+ Kg8 34. Rg7+ Kf8 35. Rxh7 Nf2+ 36. Kg2 Re8 37. Rh8+ Ke7 38. Bf6+ Kxf6 39. Rxe8 Nxg4 40. e7 Bc5 41. Rf8+ Kxe7 42. Rb8 b6 43. axb6 cxb6 44. Kf3 Ne5+ 45. Ke2 Nxc4 46. Kd3 Nd6 47. Kc2 Kd7 48. Rh8 Kc6 49. Kb3 Kb5 50. Rh5 a5 51. Rh8 a4+ 52. Ka2 Ne4 53. Kb2 Nd6 54. Rh4 Nc4+ 55. Ka2 Nd2 56. Rh2 Ne4 57. Rh4 Nxc3+ 58. Ka1 Nd5 59. Ka2 Nb4+ 60. Kb1 a3 61. Ka1 Ka4 62. Rg4 b5 63. Rh4 a2 64. Rg4 Be7 65. Rf4 Bd6 66. Rg4 Be5+ 67. Rd4 Bxd4# 0-1

[Event "Titled Tuesday intern op 20th Aug Early"]
[Site "Chess.com INT"]
[Date "2024.08.20"]
[Round "1"]
[White "De Boer, Eelke"]
[Black "Paquico Rodriguez, Ivan"]
[Result "1-0"]
[WhiteElo "2384"]
[BlackElo "2183"]
[PlyCount "87"]
[EventDate "2024.08.20"]
[EventType "swiss (blitz)"]
[EventRounds "11"]
[EventCountry "USA"]
[SourceTitle "EXT 2025"]
[Source "ChessBase"]
[SourceDate "2024.10.14"]
[SourceVersion "1"]
[SourceVersionDate "2024.10.14"]
[SourceQuality "1"]

1. e4 d6 2. d4 g6 3. Nc3 Bg7 4. Be3 a6 5. Qd2 Nd7 6. 0-0-0 b5 7. h4 h6 8. f3 Bb7 9. Kb1 Ngf6 10. g4 Nb6 11. Bd3 Nfd7 12. Nce2 c5 13. c3 Rc8 14. Ng3 e6 15. N1e2 Nc4 16. Bxc4 bxc4 17. dxc5 dxc5 18. Nf4 Ne5 19. Qf2 Qa5 20. Rd2 0-0 21. g5 h5 22. Rhd1 Rb8 23. Bxc5 Rfc8 24. Bd6 Ra8 25. Nge2 Bc6 26. Nd4 Ba4 27. Rc1 Rd8 28. Bb4 Qb6 29. Ka1 a5 30. Ba3 Rab8 31. Qe1 Nd3 32. Nxd3 cxd3 33. Rxd3 Bxd4 34. cxd4 Rxd4 35. Qc3 Rxd3 36. Qxd3 Bb5 37. Qc3 Be2 38. b3 a4 39. Bb2 Kf8 40. Ba3+ Ke8 41. bxa4 Kd7 42. a5 Qb5 43. Qc7+ Ke8 44. Qe7# 1-0

[Event "Titled Tuesday intern op 20th Aug Early"]
[Site "Chess.com INT"]
[Date "2024.08.20"]
[Round "7"]
[White "Paquico Rodriguez, Ivan"]
[Black "Guo, Anni"]
[Result "1-0"]
[WhiteElo "2183"]
[BlackElo "1860"]
[PlyCount "79"]
[EventDate "2024.08.20"]
[EventType "swiss (blitz)"]
[EventRounds "11"]
[EventCountry "USA"]
[SourceTitle "EXT 2025"]
[Source "ChessBase"]
[SourceDate "2024.10.14"]
[SourceVersion "1"]
[SourceVersionDate "2024.10.14"]
[SourceQuality "1"]

1. d4 e6 2. c4 d5 3. Nc3 dxc4 4. e3 b6 5. Nf3 Bb7 6. Bxc4 Nf6 7. 0-0 Be7 8. Re1 0-0 9. Qe2 Nbd7 10. e4 c5 11. d5 exd5 12. exd5 Bd6 13. Bg5 h6 14. Bh4 a6 15. a4 Re8 16. Qc2 Ne5 17. Nxe5 Bxe5 18. Rad1 Qd6 19. Bxf6 Qxf6 20. Ne4 Qh4 21. g3 Qd8 22. Qb3 Bd4 23. Qf3 Rf8 24. b3 Qd7 25. Re2 Rad8 26. d6 Bxe4 27. Rxe4 Qxd6 28. Kg2 a5 29. Rf4 Qe7 30. Rd2 Bf6 31. Re2 Qd6 32. Qg4 Rfe8 33. Rxe8+ Rxe8 34. h4 Qc6+ 35. Kh2 Re1 36. Rf3 Re4 37. Qh5 Re5 38. Qxf7+ Kh7 39. Bd3+ Re4 40. Re3 1-0

[Event "Titled Tuesday intern op 20th Aug Early"]
[Site "Chess.com INT"]
[Date "2024.08.20"]
[Round "6"]
[White "Paquico Rodriguez, Ivan"]
[Black "Ishvi, Aggarwal"]
[Result "1-0"]
[WhiteElo "2183"]
[BlackElo "2008"]
[PlyCount "33"]
[EventDate "2024.08.20"]
[EventType "swiss (blitz)"]
[EventRounds "11"]
[EventCountry "USA"]
[SourceTitle "EXT 2025"]
[Source "ChessBase"]
[SourceDate "2024.10.14"]
[SourceVersion "1"]
[SourceVersionDate "2024.10.14"]
[SourceQuality "1"]

1. d4 Nf6 2. c4 g6 3. f3 d5 4. cxd5 Nxd5 5. e4 Nf6 6. Nc3 Bg7 7. Be3 0-0 8. Qd2 c6 9. 0-0-0 Qa5 10. Kb1 b5 11. h4 Be6 12. d5 cxd5 13. Nxd5 Qd8 14. Nxf6+ Bxf6 15. Qxd8 Rxd8 16. Rxd8+ Kg7 17. h5 1-0

[Event "Titled Tuesday intern op 13th Aug Early"]
[Site "Chess.com INT"]
[Date "2024.08.13"]
[Round "5"]
[White "Paquico Rodriguez, Ivan"]
[Black "Cahaya, Satria Duta"]
[Result "1-0"]
[WhiteElo "2183"]
[BlackElo "2219"]
[PlyCount "129"]
[EventDate "2024.08.13"]
[EventType "swiss (blitz)"]
[EventRounds "11"]
[EventCountry "USA"]
[SourceTitle "EXT 2025"]
[Source "ChessBase"]
[SourceDate "2024.10.14"]
[SourceVersion "1"]
[SourceVersionDate "2024.10.14"]
[SourceQuality "1"]

1. d4 Nf6 2. c4 g6 3. f3 d5 4. cxd5 Nxd5 5. e4 Nb6 6. Nc3 Bg7 7. Be3 0-0 8. Qd2 e5 9. d5 c6 10. h4 cxd5 11. Nxd5 Nxd5 12. Qxd5 Qxd5 13. exd5 e4 14. fxe4 Bxb2 15. Rb1 Bc3+ 16. Kf2 Re8 17. Bd3 Nd7 18. Nf3 Ne5 19. Nxe5 Bxe5 20. h5 b6 21. hxg6 hxg6 22. Bb5 Rf8 23. Bh6 Rd8 24. Bg5 f6 25. Be3 Bd7 26. Bxd7 Rxd7 27. Rbc1 Rf8 28. Rc6 Rh7 29. Rxh7 Kxh7 30. g4 Kg7 31. Re6 Rf7 32. a4 g5 33. Ke2 Kg6 34. Kd3 Rh7 35. Bd4 Rh3+ 36. Kc4 Bxd4 37. Kxd4 Kf7 38. Rc6 Ra3 39. Rc7+ Ke8 40. Rxa7 b5 41. a5 Ra4+ 42. Kc5 Rxe4 43. d6 Rxg4 44. Kc6 Rc4+ 45. Kd5 g4 46. a6 g3 47. Rg7 Ra4 48. Rxg3 Rxa6 49. Ke6 Kf8 50. Rf3 b4 51. Rxf6+ Ke8 52. Rh6 Kf8 53. Rh8+ Kg7 54. Rb8 Ra1 55. Rxb4 Re1+ 56. Kd7 Kf7 57. Rf4+ Kg6 58. Kd8 Rd1 59. d7 Kg7 60. Kc7 Rc1+ 61. Kd6 Rd1+ 62. Kc6 Rd2 63. Rf5 Rc2+ 64. Rc5 Rc1 65. Rxc1 1-0

[Event "Titled Tuesday intern op 13th Aug Early"]
[Site "Chess.com INT"]
[Date "2024.08.13"]
[Round "8"]
[White "Paquico Rodriguez, Ivan"]
[Black "Erten, Kerem"]
[Result "0-1"]
[WhiteElo "2183"]
[BlackElo "2331"]
[PlyCount "92"]
[EventDate "2024.08.13"]
[EventType "swiss (blitz)"]
[EventRounds "11"]
[EventCountry "USA"]
[SourceTitle "EXT 2025"]
[Source "ChessBase"]
[SourceDate "2024.10.14"]
[SourceVersion "1"]
[SourceVersionDate "2024.10.14"]
[SourceQuality "1"]

1. d4 Nf6 2. c4 g6 3. f3 d5 4. cxd5 Nxd5 5. e4 Nb6 6. Nc3 Bg7 7. Be3 0-0 8. Qd2 Nc6 9. 0-0-0 e5 10. d5 Nd4 11. h4 h5 12. Bd3 c6 13. dxc6 bxc6 14. Nge2 Be6 15. Kb1 Rb8 16. Bh6 Qe7 17. Bxg7 Kxg7 18. g4 Rh8 19. gxh5 Rxh5 20. f4 Bg4 21. Rdf1 Rd8 22. fxe5 Nxe2 23. Nxe2 Qxe5 24. Nf4 Rhh8 25. Qc3 Qxc3 26. bxc3 Nd7 27. Kc2 Ne5 28. Ba6 c5 29. Nd3 Rxd3 30. Bxd3 c4 31. Bxc4 Nxc4 32. Kd3 Ne5+ 33. Kd4 f6 34. Rb1 Rd8+ 35. Ke3 Rd3+ 36. Kf2 Rd2+ 37. Ke3 Rd3+ 38. Kf2 Rf3+ 39. Kg2 Rxc3 40. Rb7+ Kh6 41. Rxa7 Bf3+ 42. Kh2 Rc2+ 43. Kg3 Bxh1 44. a4 Bxe4 45. a5 Rc3+ 46. Kf4 Bd5 0-1